00367nam a2200121Ia 4500008004100000041000800041082001700049100002300066245009100089260002900180300001900209999001700228241015s9999 xx 000 0 und d aeng a658.8342 SCH aSchotanus, Patrick aThe Market Mind Hypothesis Understanding Markets And Minds Through Cognitive Economics bDe GruyteraBostonc2023 a426;. P. 23 cm c41679d41679